LEADER 01037nam0-2200337---450- 001 990004058510403321 005 20091105143407.0 035 $a000405851 035 $aFED01000405851 035 $a(Aleph)000405851FED01 035 $a000405851 100 $a19990604d1980----km-y0itay50------ba 101 1 $aita 102 $aIT 105 $ay-------001yy 200 1 $aGuida alla programmazione dell'educazione fisica e sportiva$fA. Bilbrough, P. Jones$ga cura di Michele Di Donato 210 $aFirenze$cLa Nuova Italia$d1980 215 $a238 p.$d21 cm 225 1 $aDidattica viva$v59 610 0 $aEducazione fisica scolastica 676 $a613.7$v21$zita 700 1$aBilbrough,$bA.$0155850 701 1$aJones,$bPeter d'Alroy$0121586 702 1$aDi Donato,$bMichele 801 0$aIT$bUNINA$gRICA$2UNIMARC 901 $aBK 912 $a990004058510403321 952 $aP.1 DID 224$bBibl. 1988$fFLFBC 959 $aFLFBC 996 $aGuida alla programmazione dell'educazione fisica e sportiva$9469638 997 $aUNINA LEADER 01160nam0-22003731i-450- 001 990001448380403321 005 20100923143816.0 010 $a88-7758-285-5 035 $a000144838 035 $aFED01000144838 035 $a(Aleph)000144838FED01 035 $a000144838 100 $a20001205d1996----km-y0itay50------ba 101 0 $aita 200 1 $aRocce sedimentarie$eguida alla descrizione sugli affioramenti rocciosi$fMaurice E. Tucker 210 $aPalermo$cFlaccovio$dc1996 215 $a131 p.$cill.$d21 cm 300 $aed. italiana a cura di Pietro Di Stefano 300 $a/titolo originale:The field description of sedimentary rock, Wiley, 1982 610 0 $aPetrologia 610 0 $aRocce sedimentarie 676 $a552.5 700 1$aTucker,$bMaurice E.$062845 801 0$aIT$bUNINA$gRICA$2UNIMARC 901 $aBK 912 $a990001448380403321 952 $aEDISU-552.5-1A$b20666$fSC1 952 $aEDISU-552.5-1$b20665$fSC1 952 $aEDISU-552.5-1B$b20667$fSC1 952 $aEDISU-552.5-1C$b20669$fSC1 952 $aEDISU-552.5-1D$b20668$fSC1 959 $aSC1 996 $aRocce sedimentarie$976801 997 $aUNINA LEADER 01206nam a2200289 i 4500 001 991001424119707536 005 20020502192617.0 008 930601s1992 it ||| | ita 020 $a8878023035 035 $ab1151081x-39ule_inst 035 $aPRUMB60690$9ExL 040 $aScuola per assistenti sociali$bita 082 0 $a362.2 100 1 $aRegoliosi, Luigi$0268892 245 13$aLa prevenzione possibile :$bmodelli, orientamenti, esperienze per l'operatore di territorio sulla prevenzione della devianza giovanile e della tossicodipendenza /$cLuigi Regoliosi 260 $aMilano :$bGuerini studio,$c1992 300 $a241 p. ;$c20 cm 490 0 $aDimensioni educative ;$v6 650 4$aDroghe$xConsumo$xPrevenzione 650 4$aTossicomani$xAssistenza 907 $a.b1151081x$b01-03-17$c01-07-02 912 $a991001424119707536 945 $aLE024 PS SOC IV 31$g1$i2024000004217$lle021$nex DUSS$o-$pE0.00$q-$rl$s- $t0$u6$v2$w6$x0$y.i11705504$z01-07-02 945 $aLE021 NBBISA62$g1$iLE021N-10281$lle021$o-$pE0.00$q-$rl$s- $t0$u0$v0$w0$x0$y.i11705516$z01-07-02 996 $aPrevenzione possibile$9813978 997 $aUNISALENTO 998 $ale021$b01-01-93$cm$da $e-$fita$git $h3$i2